1364 1572 1558 1944 1533 1668 1419 1471 1417 1197 1453 1284 1900 1420 1862 1945 1175 1969 1598 1551 1439 1663 1591 1043 1795 1596 1748 1200 1697 1319 1361 1784 1781 1270 1664 1509 1039 1961 1306 1638 1244 1349 1113 1639 1170 1369 1222 1067 1905 1381 1158 1670 1063 1829 1634 1470 1699 1870 1368 1624 1467 1070 1145 1692 1476 1617 1964 1833 1918 1395 1126 1429 1684 1638 1808 1590 1254 1963 1799 1448 1727 1909 1353 1718 1402 1822 1979 1354 1551 1714 1253 1633 1965 1907 1250 1037 1420 1668 1689 BCNSPRNW ULIB Ver.6.0+V

เปลี่ยนเป็นภาษาไทย

Change to English
 แสดงรายละเอียดบรรณานุกรม
  กลับหน้าหลัก

Brief Record : Get Marc (ISO 2709) : E-mail record : QR code < ปิดหน้าต่าง
LEADER : 00000nam 2200000uu 4500
001    13399112001
003     ULIB
008    110719s2552||||th 000 0 tha d
020    6117190063
090    นว.^bอ437จ 2552
100 0   อยุทธ์
245 00  จอมใจแห่งผืนทราย/^cอยุทธ์
250     พิมพ์ครั้งที่ 1
260     กรุงเทพฯ :^bอินเลิฟ,^c2552
300     235 หน้า
945    ^p179^l0^i026034
995     เกษร
999     ^aใช้งานได้ทุกระบบ
รายการนี้ยังไม่มีแท็ก
คุณยังไม่ได้ล็อกอิน คุณสามารถมีกิจกรรมร่วมกับเว็บไซต์ได้ แต่ต้องล็อกอินก่อน ::
  ล็อกอิน

รายการสื่อสารสนเทศ

ลำดับที่ ประเภท เลขเรียก/บาร์โค้ด สถานที่ สถานะ
1. นวนิยาย
นวนิยาย
นว. อ437จ 2552  
  Barcode: 026034
ห้องสมุดวิทยาเขตสวรรค์ประชารักษ์
►นวนิยาย
บนชั้น
  ขอยืม

รายการใกล้เคียง
    ผู้แต่ง [อยุทธ์]

BibComment


ยังไม่เคยถูกคอมเมนท์

คอมเมนท์ทรัพยากรรายการนี้
  คอมเมนท์: จอมใจแห่งผืนทราย..


 Copyright 2026. Bcnsprnw @Library